000 00492nam a2200181 4500
003 LK-CoDNM
005 20240119103106.0
008 240119b |||||||| |||| 00| 0 eng d
020 _a9786245442911
040 _aLK-CoDNM
_dLK-CoDNM
_eLK-CoDNM
041 _asin
080 _a133.52
_bRAT
100 _aරත්නායක,රුවන්
245 _aමන්තර මඤ්ජරිය
260 _aJa - Ela
_bSamanthi Publishers
_c2022
300 _a110p.,21cm
942 _n0
_cBK
999 _c144462
_d144462